Responses for Show #7180 - Friday, November 27, 2015

Contestants

[<< previous game]

Bianca Benincasa, a software engineer from Silver Spring, Maryland

Darin Brown, a trademark attorney from Louisville, Colorado

Rob Russell, a tutoring and testing director from Johnson City, Tennessee (whose 1-day cash winnings total $20,800)

[next game >>]

Jeopardy! Round responses

FEMALE NOVELISTS
IN WHICH STATE?
TYPES OF COMEDY
"ET"YMOLOGY
DEVICES
RICK ROLLED
    $200 1
Agatha Christie

Bianca
    $200 11
Virginia

Darin
    $200 16
improv

Bianca
    $200 2
etiquette

Rob
    $200 10
a compass

Darin
    $200 27
Ranger Rick

Bianca
    $400 3
E.L. James

Triple Stumper
    $400 12
Minnesota

Rob
    $400 17
screwball

Darin
    $400 6
eternal

Bianca
    $400 20
(Darin: What is a weather balloon?)

a barometer

RobDarin
    $400 28
Justin Timberlake

Darin
    $600 4
The Girl with a Pearl Earring

Darin
    $600 13
(Alex: That's right. Not too far from here.)

California

Darin
    $600 18
a caricature

Darin
    $600 7
etching

Bianca
    $600 19
telephone & telegraph

Bianca
    $600 25
(Rick) Santorum

Darin
    $800 5
Valley of the Dolls

Bianca
    $800 14
Wyoming

Darin
    $800 23
deadpan

Rob
    $800 8
the Etruscans

Bianca
    $800 29
peripherals

Bianca
    $800 26
the Indianapolis 500

Rob
    $1000 21
George Eliot

Rob
    $1000 15
(Rob: What is Kansas?)
(Bianca: What is Nebraska?)

North Dakota

RobBianca
Triple Stumper
    $1000 24
(Alex: You are right, with a minute to go.)

gallows humor

Darin
    $1000 9
étude

Bianca
    $800 30
(Alex: Bianca?)
(Bianca: Uh, what is a mouse? I don't know.)

a BlackBerry

Bianca
    $1000 22
Rick Warren

Triple Stumper

Scores at the first commercial break (after clue 15):

Rob Darin Bianca
-$400 $2,400 $2,800

Scores at the end of the Jeopardy! Round:

Rob Darin Bianca
$2,600 $5,000 $3,800

Double Jeopardy! Round responses

THE ARTICLES OF CONFEDERATION
COMPOUND WORDS
BEAUTY
"IT" IS A SONG
ABOUT THAT FAR
AS THE CROW FLIES
    $400 1
(Ben) Franklin

Darin
    $400 13
a skateboard

Darin
    $400 19
(Bianca: What is algebra?)

mathematics

RobBianca
    $400 9
"Let It Be"

Rob
    $400 6
Madison Square Garden

Darin
    $400 24
[Alex reads "C." as Corvus.]

a raven

Darin
    $800 2
the president of the United States

Rob
    $800 12
a bootstrap

Bianca
    $800 20
Ingrid Bergman

Rob
    $800 10
"Whip It"

Rob
    $800 7
[Alex reads "MLB" as "Major League Baseball".]
(Darin: What is 90 feet?)

60 feet, 6 inches

Darin
Triple Stumper
    $800 25
(Alex: With a minute to go, you are right.)

Hawaii

Darin
    $1200 3
term limits

Triple Stumper
    $1200 14
moonbeams

Bianca
    $1200 21
the golden mean

Bianca
    $1200 11
"Beat It"

Darin
    $1200 8
the (Gateway) Arch

Bianca
    $1200 28
the West Nile virus

Triple Stumper
    $2,000 4
a militia

Rob
    $1600 15
Pawnbrokers

Triple Stumper
    $1600 22
aesthetics

Rob
    $1600 16
"Shake It Off"

Bianca
    $1,000 29
[The end-of-round signal sounds.]

Carson City (Nevada)

Bianca
    $1600 27
carrion

Bianca
    $2000 5
Massachusetts

Triple Stumper
    $2000 18
applesauce

Triple Stumper
    $2000 23
an ogee

Bianca
    $2000 17
(Alex: Yeah. Made you smile.)

"Drop It Like It's Hot"

Bianca
    $2000 26
a murder

Rob

Scores at the end of the Double Jeopardy! Round:

Rob Darin Bianca
$11,400 $7,800 $16,000

[wagering suggestions for these scores]

Final Jeopardy! Round responses

AUTHORS
DarinWho is Smith
$7,800
RobWho is John Grisham
$11,400
BiancaWho is Faulkner?
$7,000
John Grisham

Final scores:

Rob Darin Bianca
$22,800 $0 $9,000
2-day champion: $43,600 3rd place: $1,000 2nd place: $2,000

Game dynamics:

Coryat scores:

Rob Darin Bianca
$11,000 $7,800 $17,400
14 R
(including 1 DD),
1 W
16 R,
2 W
19 R
(including 1 DD),
3 W
(including 1 DD)

Combined Coryat: $36,200

[game clues] [game scores] [suggest correction]

Game tape date: Unknown
The J! Archive is created by fans, for fans. Scraping, republication, monetization, and malicious use prohibited; this site may use cookies and collect identifying information. See terms. The Jeopardy! game show and all elements thereof, including but not limited to copyright and trademark thereto, are the property of Jeopardy Productions, Inc. and are protected under law. This website is not affiliated with, sponsored by, or operated by Jeopardy Productions, Inc. Join the discussion at JBoard.tv.